A new history of Sanskrit literature (Record no. 53492)

MARC details
000 -LEADER
fixed length control field 00605cam a22002051 4500
001 - CONTROL NUMBER
control field sa 63000445
003 - CONTROL NUMBER IDENTIFIER
control field DLC
005 - DATE AND TIME OF LATEST TRANSACTION
control field 20260227111921.0
008 - FIXED-LENGTH DATA ELEMENTS--GENERAL INFORMATION
fixed length control field 720602s1962 ii 000 0 eng
010 ## - LIBRARY OF CONGRESS CONTROL NUMBER
LC control number sa 63000445
035 ## - SYSTEM CONTROL NUMBER
System control number (OCoLC)323535
040 ## - CATALOGING SOURCE
Original cataloging agency DLC
Transcribing agency ODaWU
Modifying agency OCoLC
-- DLC
042 ## - AUTHENTICATION CODE
Authentication code premarc
050 00 - LIBRARY OF CONGRESS CALL NUMBER
Classification number PK2903
Item number .K66 1962
100 0# - MAIN ENTRY--PERSONAL NAME
Personal name Krishna Chaitanya,
Dates associated with a name 1918-
245 02 - TITLE STATEMENT
Title A new history of Sanskrit literature
Statement of responsibility, etc. [by] Krishna Chaitanya.
260 ## - PUBLICATION, DISTRIBUTION, ETC.
Place of publication, distribution, etc. Bombay,
-- New York,
Name of publisher, distributor, etc. Asia Pub. House
Date of publication, distribution, etc. [1962]
300 ## - PHYSICAL DESCRIPTION
Extent 490 p.
Dimensions 23 cm.
650 #0 - SUBJECT ADDED ENTRY--TOPICAL TERM
Topical term or geographic name entry element Sanskrit literature
General subdivision History and criticism.

No items available.

Powered by Koha